Normal view
MARC view
Entry Personal Name
001 - CONTROL NUMBER
- control field: 19523
003 - CONTROL NUMBER IDENTIFIER
- control field: dpl
005 - DATE AND TIME OF LATEST TRANSACTION
- control field: 20100910145041.0
008 - FIXED-LENGTH DATA ELEMENTS
- fixed length control field: 100910|||a|||||| | ||| d
040 ## - CATALOGING SOURCE
- Original cataloging agency: dpl
- Transcribing agency: dpl
100 ## - HEADING--PERSONAL NAME
- Personal name: Chitra,Rupam
670 ## - SOURCE DATA FOUND
- Source citation: Work cat.: (dpl): Mukesh 19323, Anand /, 1971
670 ## - SOURCE DATA FOUND
- Source citation: Work cat.: (dpl): Mukesh 19323, Anand /, 1971
